000 01500nam a22002657a 4500
008 120916t xxu||||| |||| 00| 0 eng d
020 _a9-7818-4703-3550
082 _222 ed.
_a346.02
_b LEW
100 _aLewison, Kim
_96725
245 _aThe interpretation of contracts /
_c Kim Lewison
260 _a London :
_bSweet & Maxwell
_c2007
300 _alxix. ; 628 p. :
_c24 cm.
500 _aIncludes Index
650 _a Law
_95605
650 _a LCC: K12
_96726
650 _aContracts
_96673
650 _aThe interpretation of contracts
_96727
942 _2ddc
_cBK
999 _c5191
_d5191